| Tag |
First Indicator |
Second Indicator |
Subfields |
| LEADER |
00000cgm a2200000Ia 4500 |
| 001 |
in00002531780 |
| 005 |
20210320063201.0 |
| 007 |
vd bvaizm |
| 008 |
091113s2009 cau309 vleng d |
| 020 |
|
|
|a 1419881299 (set)
|
| 020 |
|
|
|a 9781419881299 (set)
|
| 024 |
1 |
|
|a 883929069873
|c (set)
|
| 028 |
4 |
2 |
|a 2000007837
|b Warner Home Video (disc 1)
|
| 028 |
4 |
2 |
|a 2000007838
|b Warner Home Video (disc 2)
|
| 028 |
4 |
2 |
|a 3000023286
|b Warner Home Video (set)
|
| 035 |
|
|
|a (OCoLC)ocn465438403
|
| 035 |
|
|
|a (OCoLC)465438403
|
| 040 |
|
|
|a RLS
|c RLS
|d UtOrBLW
|
| 041 |
0 |
|
|a eng
|j eng
|j fre
|
| 049 |
|
|
|a TXAM
|
| 090 |
|
|
|a PN1995.9.H6
|b K37 2009
|
| 245 |
0 |
0 |
|a Karloff & Lugosi horror classics.
|
| 246 |
3 |
|
|a Karloff and Lugosi horror classics
|
| 246 |
3 |
0 |
|a Horror classics
|
| 264 |
|
2 |
|a Burbank, CA :
|b Distributed by Warner Home Video,
|c [2009]
|
| 264 |
|
4 |
|c ©2009
|
| 300 |
|
|
|a 2 videodisc (approximately 309 min.) :
|b sound, black and white ;
|c 4 3/4 in.
|
| 336 |
|
|
|a two-dimensional moving image
|b tdi
|2 rdacontent
|
| 337 |
|
|
|a video
|b v
|2 rdamedia
|
| 338 |
|
|
|a videodisc
|b vd
|2 rdacarrier
|
| 538 |
|
|
|a DVD; region 1; NTSC; Dolby Digital Mono.
|
| 546 |
|
|
|a English dialogue with optional French subtitles; English subtitles for the deaf and hard of hearing.
|
| 500 |
|
|
|a Container title.
|
| 511 |
1 |
|
|a Walking dead (Boris Karloff, Ricardo Cortez, Edmund Gwenn) ; Frankenstein 1970 (Boris Karloff, Tom Duggan, Jana Lund) ; You'll find out (Kay Kyser, Peter Lorre, Boris Karloff, Bela Lugosi) ; Zombies on Broadway (Wally Brown, Alan Carney, Bella Lugosi).
|
| 521 |
|
|
|a Not rated.
|
| 520 |
|
|
|a The walking dead: Boris Karloff is resurrected anew in the eerie tale of a man framed for murder. Sent to the chair... and seeking revenge after being brought back to life by science.
|
| 520 |
|
|
|a Frankenstein 1970: Dr. Frankenstein allows a film crew access to shoot a horror flick at his family castle... and now having what he needs for his monstrous experiments -- fresh young body parts ready for harvesting!
|
| 520 |
|
|
|a You'll find out: Boris Karloff, Bela Lugosi, and Peter Lorre scare everyone silly planning murder to nab a young heiress's inheritance in a spoofy, spooky haunted house tale featuring the music and merriment of the popular Kay Kyser and his band.
|
| 520 |
|
|
|a Zombies on Broadway: Mad scientist Lugosi encounters two lunkheaded Broadway agents looking for a real-life zombie as an opening attraction for a new nightclub.
|
| 505 |
0 |
0 |
|g [Disc 1].
|t Walking dead
|g (1936) /
|r Warner Bros. Pictures ; directed by Michael Curtiz --
|t Frankenstein 1970
|g (1958) /
|r Allied Artists ; screenplay by Richard Landau and George Worthington Yates ; produced by Aubrey Schenck ; directed by Howard W. Koch.
|g [Disc 2].
|t You'll find out
|g (1940) /
|r an RKO Radio picture ; screenplay by James V. Kern ; produced and directed by David Butler --
|t Zombies on Broadway
|g (1945) /
|r an RKO Radio picture ; screenplay by Lawrence Kimble ; produced by Ben Stoloff ; directed by Gordon Douglas.
|
| 500 |
|
|
|a Bonus features: commentary on Walking dead by Greg Mank, commentary on Frankenstein 1970 by Charlotte Austin, Bob Burns and Tom Weaver, theatrical trailer.
|
| 500 |
|
|
|a Videorecording.
|
| 650 |
|
0 |
|a Monsters
|v Drama.
|
| 650 |
|
0 |
|a Zombies
|v Drama.
|
| 650 |
|
0 |
|a Frankenstein, Victor (Fictitious character)
|v Drama.
|
| 655 |
|
7 |
|a Horror films.
|2 lcgft
|
| 655 |
|
7 |
|a Zombie films.
|2 lcgft
|
| 655 |
|
7 |
|a Feature films.
|2 lcgft
|
| 655 |
|
7 |
|a Fiction films.
|2 lcgft
|
| 655 |
|
7 |
|a Video recordings for the hearing impaired.
|2 lcgft
|
| 650 |
|
0 |
|a Frankenstein's monster (Fictitious character)
|v Drama.
|
| 700 |
1 |
|
|a Karloff, Boris,
|d 1887-1969.
|
| 700 |
1 |
|
|a Lugosi, Bela,
|d 1882-1956.
|
| 700 |
1 |
|
|a Curtiz, Michael,
|d 1886-1962.
|
| 700 |
1 |
|
|a Koch, Howard W.,
|c Jr.,
|d 1916-2001.
|
| 700 |
1 |
|
|a Butler, David,
|d 1894-1979.
|
| 700 |
1 |
|
|a Douglas, Gordon,
|d 1907-1993.
|
| 710 |
2 |
|
|a Warner Bros. Pictures (1923-1967)
|
| 710 |
2 |
|
|a Allied Artists Pictures Corporation.
|
| 710 |
2 |
|
|a RKO Radio Pictures.
|
| 710 |
2 |
|
|a Warner Home Video (Firm)
|
| 740 |
4 |
2 |
|a The walking dead.
|
| 740 |
0 |
2 |
|a Frankenstein 1970.
|
| 740 |
0 |
2 |
|a You'll find out.
|
| 740 |
0 |
2 |
|a Zombies on Broadway.
|
| 994 |
|
|
|a C0
|b TXA
|
| 948 |
|
|
|a cataloged
|b h
|c 2009/11/30
|d c
|e blrosas
|f 10:15:11 am
|
| 999 |
|
|
|a MARS
|
| 999 |
f |
f |
|s a268878d-9aad-3bf4-8818-4a986b69afcf
|i 3d74d795-b1b4-3904-bf36-826b3b4af76c
|t 0
|
| 952 |
f |
f |
|p dvd
|a Texas A&M University
|b College Station
|c Sterling C. Evans Library
|d Evans: Media and Reserves (Annex 1st floor)
|t 0
|e PN1995.9.H6 K37 2009
|h Library of Congress classification
|i video -- videodisc
|m A14838036668
|
| 998 |
f |
f |
|a PN1995.9.H6 K37 2009
|t 0
|l Evans: Media and Reserves (Annex 1st floor)
|